Statistiques concernant Avatar: Le Dernier Maître de l'Air.

Cliquez ici pour prendre le quiz!

Statistiques générales

  • Ce quiz a été pris 856 fois
  • Le résultat moyen est 12 sur 15

Statistiques - réponses

QuestionRéponse% Correct
Qui est le moine maître de l'Air avec la flèche bleue sur la tête ?Aang
98%
Qui est la fille maîtresse de l'Eau du pôle Sud ?Katara
97%
Le prince déchu de la Nation du Feu ?Zuko
97%
Et le frère de la fille ?Sokka
94%
Et le bison volant ?Appa
90%
L'oncle du prince ?Iroh
90%
Et la jeune fille aveugle ?Toph
87%
La soeur du prince ?Azula
86%
Comment s'appelle le lémur volant de Aang ?Momo
84%
Son père ?Ozaï
72%
La copine de Sokka ?Suki
71%
Qui est la copine de Zuko ?Mai
70%
Qui est l'Avatar avant Aang ?Roku
68%
Et le roi d'Omashu ?Bumi
61%
Comment était surnommé Iroh ?Le dragon de l'Ouest
54%

Distribution des résultats

Percentile par nombre de réponses

% des personnes avec chaque résultat

Votre développement - résultats

Vous n’avez pas pris ce quiz